000 00308nam a22001337a 4500
008 230627b xxu||||| |||| 00| 0 eng d
020 _a9250041241
082 _a338.37
_bFAO 1998
245 _aFishery Statistics
_bCommodities
260 _bFAO
_c1998
300 _aXI,179p
440 _v91
942 _2ddc
_cBK
999 _c2821
_d2821